000 01054nam a2200277Ia 4500
003 OSt
005 20220923211417.0
006 a|||||r|||| 00| 0
007 ta
008 220922b |||||||| |||| 00| 0 san d
020 _a9788192073200 (hbk)
_c1180
024 _a354,250
037 _b173/1, 29/12/2021, Vidyanidhi Prakashan
_cTextual
040 _aARTS
_cARTS
_bsan
041 _2san
_asan
082 _aO15,2D35:g, 152Q8
100 _aपाण्डेय, श्रीनिवास, ले.
_9160405
245 0 _aनाटककार भास
_b एक अध्ययन
246 _aNāṭakakār bhāsa: ek adhyayana
260 _aआगरा
_b राज प्रकाशन
_c2018
300 _a264पृ0
_ccm.
650 _a संस्कृत नाटक
_9160406
650 _aसंस्कृत साहित्य
942 _hO15,2D35:g, 152Q8
_cTEXL
_2CC
999 _c299216
_d299216